000 00248nam a2200109 4500
003 OSt
008 231114b |||||||| |||| 00| 0 eng d
041 _aeng
082 _a624.18341
_bRAO/CA
245 _aCalculation and designing of RCC /
942 _cBK
999 _c17848
_d17848